000 00874nam a2200289Ia 4500
003 OSt
005 20221007123947.0
006 a|||||r|||| 00| 0
007 ta
008 221006b |||||||| |||| 00| 0 eng d
020 _a9783540462156 (pbk)
024 _a83831
037 _b49, 02/01/2009, Aviva Books Company
_cTextbook
040 _aCDL
_cCDL
_beng
041 _2eng
_aeng
082 _aCN1, P7 Carc
100 _aBes Daniel R
_9717300
245 0 _aQuantum mechanics:a modern and concise introductory course
250 _a2
260 _aBerlin
_bSpringer
_c2007
300 _axix, 239p.
_ccm.
500 _aReferences 229-232p.; Index 233-239p.
650 _a Quantum chemistry
650 _aChemistry
942 _hCN1, P7 Carc
_cTB
_2CC
999 _c1212719
_d1212719